000 01156cab a22002295a 4500
001 L139856
008 070815e1987 xxkbdo f m 000 0 eng d
035 _a(Sirsi) u139856
041 0 _aeng
050 0 4 _a622.8 $2 18
100 1 _aEvans, M. D.
245 0 2 _aA history of ironstone and coal mining on the land of Hirwaun Common near Aberdare, Mid Glamorgan 1757 to present day
260 _a[S.l.]
_b[s.n.]
_c1987
300 _a1
_fv.
_bill.
_c30cm.
490 0 _aRICS Minerals Surveying Test of Professional Competence
_vMS56
505 2 _aHirwaun Common -- Early mining and the ironmasters 1757-1860 -- Private enterprise on the Common 1860-1947 -- Nationalisation and opencast 1947 -- Conclusion, the future
520 _aIndicates, in chronological order, the major influences and mining operations that have occured on Hirwaun Common since the eighteenth century.
520 _aThis unpbublished thesis cannot be photocopied. No information can be taken from it without the written permission of the author.
651 4 _aHirwaun
690 _aENVIRONMENTAL AND LAND CONSULTANCY-MINERAL RESOURCE MANAGEMENT-MINERALS SURVEYING
942 _n0
999 _c107365
_d107365